Pays aléatoires par leur emblème - Statistiques

Statistiques générales
  • Ce quiz a été pris 1 986 fois
  • Le résultat moyen est 12 sur 20
Statistiques - réponses
Par images Réponse % Correct
Mauritanie
100%
Suisse
99%
Liban
97%
Madagascar
97%
Portugal
97%
Italie
96%
Malte
96%
Nicaragua
96%
Niger
96%
Turquie
96%
Comores
95%
Croatie
95%
Kosovo
95%
Mali
95%
Philippines
95%
République dominicaine
95%
Égypte
94%
Slovaquie
94%
Albanie
93%
Autriche
93%
Nouvelle-Zélande
93%
Qatar
93%
Timor oriental
93%
Bosnie-Herzégovine
92%
Cameroun
92%
Tunisie
92%
Micronésie
91%
Soudan du Sud
91%
Salvador
90%
Viêt Nam
90%
Australie
89%
Côte d'Ivoire
89%
Espagne
89%
Islande
89%
Singapour
89%
Corée du Sud
88%
États-Unis
88%
Mozambique
88%
Syrie
88%
Tuvalu
88%
Liberia
87%
Mexique
87%
Paraguay
87%
Cap-Vert
86%
Costa Rica
85%
Slovénie
85%
Andorre
84%
Angola
84%
Équateur
84%
Éthiopie
84%
Ouzbékistan
84%
Chine
83%
Kazakhstan
83%
Saint-Marin
83%
Émirats arabes unis
82%
Argentine
81%
Belgique
81%
Îles Marshall
81%
Maroc
81%
Népal
81%
Serbie
81%
Burkina Faso
80%
Togo
79%
Vatican
79%
Brésil
78%
France
78%
Palaos
78%
Zambie
78%
Irak
77%
Kenya
76%
Algérie
75%
Allemagne
75%
Biélorussie
75%
Iran
75%
Israël
75%
Rwanda
75%
Taïwan
75%
Panama
74%
Grèce
73%
Kiribati
73%
Namibie
73%
Somalie
72%
Tanzanie
72%
Colombie
70%
Honduras
70%
Maldives
70%
Samoa
70%
Uruguay
68%
Bolivie
67%
Érythrée
67%
République centrafricaine
67%
République du Congo
67%
Sri Lanka
66%
Tonga
66%
Turkménistan
66%
Moldavie
65%
Monténégro
65%
Pakistan
64%
Birmanie
62%
Haïti
62%
Belize
60%
Irlande
60%
Afghanistan
59%
Pologne
59%
Koweït
58%
Ukraine
58%
Pérou
57%
Zimbabwe
57%
Inde
56%
Royaume-Uni
56%
Sao Tomé-et-Principe
56%
Nauru
53%
Corée du Nord
52%
Guinée
52%
Russie
52%
Hongrie
51%
Venezuela
51%
Eswatini
50%
Mongolie
49%
République démocratique du Congo
49%
Azerbaïdjan
48%
Bahreïn
48%
Yémen
48%
Arabie saoudite
47%
Laos
47%
Chili
45%
Oman
45%
Gabon
43%
Soudan
43%
Thaïlande
42%
Guatemala
40%
Bhoutan
39%
Guinée-Équatoriale
39%
Sénégal
39%
Jordanie
38%
Cambodge
37%
Fidji
35%
Luxembourg
34%
Ghana
33%
Botswana
31%
Monaco
31%
Pays-Bas
31%
Roumanie
31%
Libye
30%
Brunei
29%
Bulgarie
28%
Canada
28%
Géorgie
28%
Japon
28%
Malaisie
28%
Tadjikistan
26%
Suède
25%
Afrique du Sud
23%
Danemark
23%
Kirghizistan
23%
République tchèque
23%
Antigua-et-Barbuda
22%
Malawi
22%
Norvège
22%
Suriname
22%
Ouganda
21%
Lesotho
20%
Chypre
19%
Finlande
18%
Île Maurice
18%
Cuba
17%
Dominique
17%
Burundi
15%
Jamaïque
15%
Liechtenstein
15%
Trinité-et-Tobago
15%
Bénin
14%
Grenade
14%
Lituanie
14%
Lettonie
13%
Macédoine du Nord
13%
Nigeria
13%
Papouasie-Nouvelle-Guinée
13%
Sainte-Lucie
13%
Guyana
12%
Saint-Christophe-et-Niévès
11%
Vanuatu
11%
Bangladesh
10%
Guinée-Bissau
10%
Barbade
9%
Seychelles
9%
Arménie
7%
Bahamas
7%
Indonésie
7%
Sierra Leone
7%
Tchad
7%
Djibouti
5%
Estonie
5%
Gambie
5%
Salomon
5%
Saint-Vincent-et-les-Grenadines
4%
Aucun quiz correspondant
Distribution des résultats
% des personnes avec chaque résultat
Percentile par nombre de réponses
Votre historique - résultats
Vous n’avez pas pris ce quiz